000 00254nam a2200097Ia 4500
008 201210s9999 xx 000 0 und d
100 _aHarvard Business Review
245 0 _aPlanning Part III.
260 _aBoston
_bHarvard Business School Press
942 _cBK
999 _c5485
_d5485